| 000 | 00000nam 2200000za 4500 |
| 001 | 9.845869 |
| 003 | CaOODSP |
| 005 | 20221107153051 |
| 007 | cr ||||||||||| |
| 008 | 180504q2006 onco #o f000 0 eng d |
| 040 | |aCaOODSP|beng |
| 043 | |an-cn--- |
| 086 | 1 |aH14-231/2006E-PDF |
| 245 | 10|a"It will never happen to me" |h[electronic resource]. |
| 260 | |a[Ottawa] : |bHealth Canada, |c[2006?] |
| 300 | |a[1] p. : |bcol. photogr. |
| 500 | |aIssued also in French under title: « Ça ne peut pas m’arriver ». |
| 692 | 07|2gccst|aSmoking |
| 692 | 07|2gccst|aSmoking prevention |
| 710 | 1 |aCanada. |bHealth Canada. |
| 775 | 08|t« Ça ne peut pas m’arriver » |w(CaOODSP)9.856165 |
| 856 | 40|qPDF|s531 KB|uhttps://publications.gc.ca/collections/collection_2018/sc-hc/H14-231-2006-eng.pdf |